The Reserve Bank of India act, 1934 (2 of 1934) as amended by the securities and insurance laws (amendment and validation) act, 2010 (26 of 2010) with short notes (Record no. 57585)

MARC details
000 -LEADER
fixed length control field 00898nam a22002057a 4500
005 - DATE AND TIME OF LATEST TRANSACTION
control field 2011101300000.0
008 - FIXED-LENGTH DATA ELEMENTS--GENERAL INFORMATION
fixed length control field 111013t xxu||||| |||| 00| 0 eng d
010 ## - LCCN (DPL NO)
LC control number ENG-103966
020 ## - INTERNATIONAL STANDARD BOOK NUMBER
Terms of availability 65.00
035 ## - SYSTEM CONTROL NUMBER
System control number EN-87499
037 ## - SOURCE OF ACQUISITION
Source of stock number/acquisition DBAD/PUB
040 ## - CATALOGING SOURCE
Original cataloging agency DPL
Language of cataloging Eng
082 ## - DEWEY DECIMAL CLASSIFICATION NUMBER
Classification number 346.0820954
245 ## - TITLE STATEMENT
Title The Reserve Bank of India act, 1934 (2 of 1934) as amended by the securities and insurance laws (amendment and validation) act, 2010 (26 of 2010) with short notes
Medium eng
260 ## - PUBLICATION, DISTRIBUTION, ETC. (IMPRINT)
Place of publication, distribution, etc Delhi
Name of publisher, distributor, etc Universal Law Publishing
Date of publication, distribution, etc 2011
270 ## - ADDRESS
Address C-FF-1A, Dilkhush Industrial Estate, (Opp. Hans Cinema, Azadpur) G.T. Karnal Road,
City Delhi
Postal code 110033
300 ## - PHYSICAL DESCRIPTION
Extent vi,96,6p.
Dimensions 24cm (pbk)
942 ## - ADDED ENTRY ELEMENTS (KOHA)
Source of classification or shelving scheme Dewey Decimal Classification
Item type English Books
Classification part 346.0820954
Call number suffix RES
Holdings
Withdrawn status Lost status Source of classification or shelving scheme Damaged status Not for loan Collection code Home library Current library Date acquired Source of acquisition Cost, normal purchase price Total Checkouts Full call number Barcode Date last seen Copy number Cost, replacement price Koha item type
    Dewey Decimal Classification   Not For Loan Non-fiction D.B.Act.Division D.B.Act.Division 13/10/2011 DBAD/PUB 65.00   346.0820954 RES EN-87499 13/10/2011 1 65.00 English Books

© Delhi Public Library
Hit Counter
free hit counter